British Royal Navy Vessels - Statistics

General Stats
  • This quiz has been taken 704 times
  • The average score is 20 of 83
Answer Stats
Submarines % Correct
HMS Victory
65%
HMS Dragon
63%
HMS Daring
59%
HMS Duncan
57%
HMS Ocean
56%
HMS Vanguard
55%
HMS Astute
53%
HMS Diamond
53%
HMS Albion
52%
HMS Bulwark
52%
HMS Dauntless
49%
HMS Defender
43%
HMS Iron Duke
41%
HMS Victorious
37%
HMS Ambush
35%
HMS Northumberland
35%
HMS Westminster
35%
HMS Severn
33%
HMS Tyne
33%
HMS Kent
32%
HMS Lancaster
32%
HMS Mersey
31%
HMS Vengeance
31%
HMS Montrose
30%
HMS Vigilant
30%
HMS Argyll
29%
HMS Bristol
29%
HMS Clyde
29%
HMS Monmouth
29%
HMS St Albans
29%
HMS Triumph
28%
HMS Echo
27%
HMS Enterprise
27%
HMS Somerset
27%
HMS Richmond
26%
HMS Scott
26%
HMS Sutherland
26%
HMS Trenchant
26%
HMS Portland
25%
HMS Protector
25%
HMS Talent
22%
HMS Torbay
22%
HMS Archer
20%
HMS Endurance
19%
HMS Scimitar
18%
HMS Biter
17%
HMS Cattistock
17%
HMS Sabre
17%
HMS Bangor
16%
HMS Dasher
16%
HMS Ledbury
16%
HMS Middleton
16%
HMS Explorer
15%
HMS Grimsby
15%
HMS Blyth
14%
HMS Brocklesby
14%
HMS Gleaner
14%
HMS Hurworth
14%
HMS Penzance
14%
HMS Puncher
14%
HMS Quorn
14%
HMS Smiter
14%
HMS Trumpeter
14%
HMS Example
13%
HMS Ramsey
13%
HMS Atherstone
12%
Hms Blazer
12%
HMS Chiddingfold
12%
HMS Express
12%
HMS Pembroke
12%
HMS Ranger
12%
HMS Charger
11%
HMS Exploit
11%
HMS Pursuer
11%
HMS Shoreham
11%
HMS Raider
10%
HMS Tracker
10%
Amphibious Warfare Ships
0%
Classic Ships
0%
Destroyers and Frigates
0%
Mine Countermeasure Vessels
0%
Patrol Vessels
0%
Survey and Antarctic Patrol
0%
No matching quizzes found
Score Distribution
Percent of People with Each Score
Percentile by Number Answered
Your Score History
You have not taken this quiz